000 00533cam a22002171 4500
001 sa 67000579
003 DLC
005 20260227112315.0
008 881102s1966 xx 000 0 beno
010 _asa 67000579
035 _a(OCoLC)23580743
040 _aDLC
_cMiU
_dDLC
042 _apremarc
050 0 0 _aPK1730.32.R6
_bK3
100 1 _aProtihar, Birendra Nath.
245 1 0 _aKarṇa-Kuntī.
260 _c[1966]
300 _a9, 86 p.
_c23 cm.
500 _aRomanized.
650 0 _aKarṇa (Hindu mythology)
_vPoetry.
999 _c72059
_d72059